| 000 | 00717nam a2200253 a 4500 | ||
|---|---|---|---|
| 001 | 54005 | ||
| 003 | BD-RjUL | ||
| 005 | 20211209080046.0 | ||
| 008 | 161031s2001 ii ||||| |||| 001 0 eng d | ||
| 020 | _a0672319241 | ||
| 035 | _a(BD-RjUL)54127 | ||
| 040 |
_aBD-RjUL _beng _cBD-RjUL |
||
| 041 | _aeng | ||
| 082 |
_223 _a005.133 _bHUP 2001 |
||
| 100 |
_a Hughes, Sterling _9161266 |
||
| 245 |
_aPHP Developers Cookbook / _cSterling Hughes; Andrei Zmievski |
||
| 250 | _a1st, ed. | ||
| 260 |
_aNew Delhi : _bTechmedia, _cc2001. |
||
| 300 |
_axvii, 505 p. ; _c24 cm. |
||
| 500 | _aIncludes index | ||
| 650 |
_aSpecific Programming languages _9161267 |
||
| 700 |
_aZmievski, Andrei _9161268 |
||
| 942 |
_2ddc _cBK |
||
| 999 |
_c54005 _d54005 |
||